|
|
|
|
| LEADER |
01929nam a2200445 i 4500 |
| 001 |
EBC4186393 |
| 003 |
MiAaPQ |
| 005 |
20200520144314.0 |
| 006 |
m o d | |
| 007 |
cr cnu|||||||| |
| 008 |
160125r20082006nyu ob 001 0 eng|d |
| 020 |
|
|
|z 9780805850253
|
| 020 |
|
|
|a 9780203885383
|q (electronic bk.)
|
| 035 |
|
|
|a (MiAaPQ)EBC4186393
|
| 035 |
|
|
|a (Au-PeEL)EBL4186393
|
| 035 |
|
|
|a (CaPaEBR)ebr11127966
|
| 035 |
|
|
|a (CaONFJC)MIL877577
|
| 035 |
|
|
|a (OCoLC)932339688
|
| 040 |
|
|
|a MiAaPQ
|b eng
|e rda
|e pn
|c MiAaPQ
|d MiAaPQ
|
| 050 |
|
4 |
|a HD4904.25
|b .W67 2008
|
| 082 |
0 |
|
|a 306.3
|2 23
|
| 245 |
0 |
4 |
|a The work and family handbook :
|b multi-disciplinary perspectives, methods, and approaches /
|c edited by Marcie Pitt-Catsouphes, Boston College, Ellen Ernst Kossek, Michigan State University, Stephen Sweet, Ithaca College.
|
| 264 |
|
1 |
|a New York :
|b Psychology Press :
|b Taylor & Francis Group,
|c 2008.
|
| 300 |
|
|
|a 1 online resource (817 pages)
|
| 336 |
|
|
|a text
|2 rdacontent
|
| 337 |
|
|
|a computer
|2 rdamedia
|
| 338 |
|
|
|a online resource
|2 rdacarrier
|
| 500 |
|
|
|a Copyright 2006 by Lawrence Erlbaum Associates, Inc. Reprinted 2008 by Psychology Press.
|
| 504 |
|
|
|a Includes bibliographical references and index.
|
| 588 |
|
|
|a Description based on online resource; title from PDF title page (ebrary, viewed January 25, 2016).
|
| 590 |
|
|
|a Electronic reproduction. Ann Arbor, MI : ProQuest, 2016. Available via World Wide Web. Access may be limited to ProQuest affiliated libraries.
|
| 650 |
|
0 |
|a Work and family.
|
| 650 |
|
0 |
|a Work and family
|z United States.
|
| 650 |
|
0 |
|a Work and family
|x Research.
|
| 655 |
|
4 |
|a Electronic books.
|
| 700 |
1 |
|
|a Pitt-Catsouphes, Marcie,
|e editor.
|
| 700 |
1 |
|
|a Kossek, Ellen Ernst,
|e editor.
|
| 700 |
1 |
|
|a Sweet, Stephen A.,
|e editor.
|
| 797 |
2 |
|
|a ProQuest (Firm)
|
| 856 |
4 |
0 |
|u https://ebookcentral.proquest.com/lib/matrademy/detail.action?docID=4186393
|z Click to View
|